00624nam a2200181Ia 4500008004100000020001600041020001800057041000800075050002500083100002100108245005600129260005700185300002100242650004300263949000900306952011400315999001300429200731s9999 xx 000 0 und d a084990210X  a9780849902109 aeng aBS491.2 b.W67 1982- aAnderson, A. A.  aWord biblical commentary:b2 SamuelcA. A. Anderson aNashville : bThomas Nelson Publishers,c1989, c1982 a52 v.b;c24 cm. aBible. -- Samuel, 2nd -- Commentaries. vv.11 00104070aGETSbGETScGENd2020-07-12l0oBS491.2 .W67 1982-p00000377r2020-07-12 00:00:00w2020-07-12yBK c393d393